=LDR 00000nam 2200000 4500 =001 INLIS000000000011258 =005 20130612102836 =008 ***********************************Ind** =035 ##$$0010-061300000011258 =041 ##$$a Ind =082 ##$$a 979- =090 ##$$a 979, Men m =245 ##$$a Mengenal ASEN dan negara-negara anggota, Drs.Djalinus syah =260 ##$$a 1984 $b Jarkata =300 ##$$a VIII, III hlm., ilus, 21 cm =650 ##$$a ASEAN =850 ##$$a NBPNMAT